|
|
|
|
| LEADER |
00000nam a2200000 a 4500 |
| 001 |
vtls001412852 |
| 003 |
SK-MaSNL |
| 005 |
20260223221259.0 |
| 008 |
180126sm y0 xo 0 und |
| 035 |
|
|
|a SNK000367573
|
| 040 |
|
|
|a SNK
|b slo
|c SNK
|e AACR2
|
| 044 |
|
|
|a xo
|c SK
|
| 245 |
1 |
|
|a STN EN 111 Závesné umývadlá na opláchnutie rúk. Rozmery pripájacích otvorov
|
| 260 |
|
|
|a Bratislava
|b Úrad pre normalizáciu, metrológiu a skúšobníctvo SR
|c 2000
|
| 300 |
|
|
|a 12 s.
|
| 999 |
|
|
|c 725755
|d 727685
|
| 952 |
|
|
|t P60, <03>, [BOOK], {603}
|a SNK
|b SNK
|y PREZ
|7 0
|p 17A0298785
|o snkSTN EN 111
|i snkN 917/2001
|0 0
|1 0
|4 0
|d 2001-05-09
|l 0
|r 2005-01-02 00:00:00
|w 2026-02-23
|
| 952 |
|
|
|t P60, <04>, [BOOK], {604}
|a SNK
|b SNK
|y VYP
|7 0
|p 17A0298786
|o snkSTN EN 111 D1
|i snkN 918/2001
|0 0
|1 0
|4 0
|d 2001-05-09
|l 0
|r 2005-01-02 00:00:00
|w 2026-02-23
|